भारतीय राजनीति के दो आख्यान (Record no. 300251)

MARC details
000 -LEADER
fixed length control field 00992nam a2200265Ia 4500
003 - CONTROL NUMBER IDENTIFIER
control field OSt
005 - DATE AND TIME OF LATEST TRANSACTION
control field 20220923211516.0
008 - FIXED-LENGTH DATA ELEMENTS--GENERAL INFORMATION
fixed length control field 220922b |||||||| |||| 00| 0 hin d
020 ## - INTERNATIONAL STANDARD BOOK NUMBER
International Standard Book Number 9789380441085 (hbk)
037 ## - SOURCE OF ACQUISITION
Terms of availability Textual
040 ## - CATALOGING SOURCE
Original cataloging agency ARTS
Transcribing agency ARTS
Language of cataloging hin
041 ## - LANGUAGE CODE
Source of code hin
Language code of text/sound track or separate title hin
100 ## - MAIN ENTRY--PERSONAL NAME
Personal name प्रियंवद, ले.
245 #0 - TITLE STATEMENT
Title भारतीय राजनीति के दो आख्यान
Remainder of title 192 से 195 तक
246 ## - VARYING FORM OF TITLE
Title proper/short title Bhāratīya rājanīti ke do ākhyāna: 192 se 195 taka
260 ## - PUBLICATION, DISTRIBUTION, ETC.
Place of publication, distribution, etc. बीकानेर
Name of publisher, distributor, etc. वाग्देवी प्रकाशन
Date of publication, distribution, etc. 2011
300 ## - PHYSICAL DESCRIPTION
Extent 511पृ.
Dimensions cm.
650 ## - SUBJECT ADDED ENTRY--TOPICAL TERM
Topical term or geographic name entry element राजनीति विज्ञान
942 ## - ADDED ENTRY ELEMENTS (KOHA)
Classification part Wv2, 152Q1
Koha item type Textual
Source of classification or shelving scheme Colon Classification (CC)
Holdings
Withdrawn status Lost status Damaged status Not for loan Home library Current library Date acquired Source of acquisition Cost, normal purchase price Total Checkouts Full call number Barcode Date last seen Cost, replacement price Price effective from Koha item type
        Arts Library Arts Library 2022-09-23 GV718, 09/03/2020, Vani Prakashan 600.00   Wv2 152Q1 AL1665544 2022-09-23 600.00 2022-09-23 Textual
Copyright @ Delhi University Library System